Consentimiento, democracia y obligación política
Guardat en:
| Autor principal: | |
|---|---|
| Format: | Llibre |
| Idioma: | espanyol |
| Publicat: |
Madrid
Colex
1994
|
| Matèries: | |
| Etiquetes: |
Afegir etiqueta
Sense etiquetes, Sigues el primer a etiquetar aquest registre!
|
MARC
| LEADER | 00000nam a2200000 a 4500 | ||
|---|---|---|---|
| 001 | UCZ2090 | ||
| 003 | CL-VaPUC | ||
| 008 | 950925e19940000SP |||||||||||||||||spa|d | ||
| 082 | 0 | 4 | |a 321.4 |b PEL |2 21 |
| 100 | |a Pelayo González-Torres, Ángel |e author |9 345924 | ||
| 245 | 1 | 0 | |a Consentimiento, democracia y obligación política |
| 300 | |a 352 p | ||
| 942 | |c BK | ||
| 945 | |d 19950925 00:00:00 |a awong | ||
| 260 | |a Madrid |b Colex |c 1994 | ||
| 650 | 7 | |a FILOSOFIA POLITICA |2 CL-VaPUC |9 345925 | |
| 650 | 0 | |a Democracia |9 255256 | |
| 650 | 0 | |a Consentimiento |9 258520 | |
| 650 | 7 | |a TEORIA POLITICA |2 CL-VaPUC |9 345926 | |
| 583 | |a last modification |c 19950925 00:00:00 |k Rodrigo Vera | ||
| 999 | |c 238742 |d 238740 | ||
| 952 | |0 0 |1 0 |4 0 |6 321_400000000000000_PEL_1994 |7 0 |8 DER_TF |9 249178 |a BIBDER |b BIBDER |d 2019-11-18 |i 3134105 |o 321.4 PEL 1994 |p 3134105 |r 2023-01-25 |w 2019-11-18 |x Ubicación 4to Piso |y BK |z Estos recursos deben solicitarse con anticipación |k DER | ||